La crisis de la socialdemocracia

Сохранить в:
Библиографические подробности
Главный автор: Luxemburgo, Rosa
Формат: Текст
Опубликовано: Barcelona: Anagrama
Метки: Добавить метку
Нет меток, Требуется 1-ая метка записи!

MARC

LEADER 00000 a a2200000 04500
001 24947
003
040
020 |a 84-339-0902-9  
090 |a 175900  
100 |a Luxemburgo, Rosa  
245 |a La crisis de la socialdemocracia  
260 |a Barcelona:   |b Anagrama  
300 |a 189 p.  
999 |c 4809  |d 4809